The contradiction. By the Rev. William Cole.

Bibliographic Details
Main Author: Cole, William, 1754-1812
Format: eBook
Language:English
Series:Eighteenth century collections online.
Online Access:Full text online

MARC

Tag First Indicator Second Indicator Subfields
LEADER 00000cam a2200000 4500
001 in00001925190
006 m | d |
007 cr |n||||||||n
008 791208s1796 enk|||| s 00||||eng d
005 20260406222541.4
035 |a (CStRLIN)ESTCT71895 
040 |a Uk-ES  |c Uk-ES  |d Cu-RivES  |d CStRLIN  |d Thomson Gale  |d UtOrBLW 
100 1 |a Cole, William,  |d 1754-1812. 
245 1 4 |a The contradiction. By the Rev. William Cole. 
264 3 |a London :  |b printed for T. Cadell, jun. and W. Davies, (successors to Mr. Cadell),  |c 1796. 
300 |a 4 unnumbered pages, xx, 11, 1 unnumbered page, 248p. ;  |c 12⁰. 
336 |a text  |b txt  |2 rdacontent 
337 |a computer  |b c  |2 rdamedia 
338 |a online resource  |b cr  |2 rdacarrier 
500 |a A novel. 
500 |a With a half-title and 11 pages of subscription list. 
500 |a The poem on page 67 printed in red. 
500 |a A variant has no full stop on the titlepage after "contradiction". 
500 |a Reproduction of original from the British Library. 
510 4 |a English Short Title Catalog,  |c ESTCT71895. 
533 |a Electronic reproduction.  |b Farmington Hills, Mich. :  |c Thomson Gale,  |d 2003.  |n Available via the World Wide Web.  |n Access limited by licensing agreements  |7 s2003 miunns 
500 |a Electronic resource. 
830 0 |a Eighteenth century collections online. 
856 4 0 |u http://proxy.library.tamu.edu/login?url=https://galenet.galegroup.com/servlet/ECCO?c=1&stp=Author&ste=11&af=BN&ae=T071895&tiPG=1&dd=0&dc=flc&docNum=CW111113240&vrsn=1.0&srchtp=a&d4=0.33&n=10&SU=0LRK&locID=txshracd2898  |z Full text online  |t 0 
999 |a MARS 
999 f f |s af6ca332-b9dd-3897-9df7-377cec0ead1c  |i 2a26c7ce-03b4-3ead-a63e-7073aa1c8135  |t 0 
952 f f |a Texas A&M University  |b College Station  |c Electronic Resources  |s www_evans  |d Available Online  |t 0  |h No information provided 
998 f f |t 0  |l Available Online